Death Stars Quiz Stats

 Plays Quiz Updated Jan 19, 2017

Support Sporcle.
Go Orange.
Score 0/30 Timer 00:30
30 Plays Today
% Correct
???
65.6%
???
65.5%
???
65.4%
???
64.2%
???
64.2%
???
63.9%
???
63.8%
???
63.7%
???
63.7%
???
63.7%
???
63.6%
???
63.6%
???
63.1%
???
63%
???
62.4%
% Correct
???
62.4%
???
62.2%
???
61.7%
???
61.6%
???
61.5%
???
58.6%
???
58.5%
???
58.5%
???
58.4%
???
58.4%
???
43.6%
???
43.5%
???
43.5%
???
34.8%
???
34.7%

You're not logged in!

Compare scores with friends on all Sporcle quizzes.
OR
Log In

From the Vault

Crossword: Windows to the World

by BanjoZebra

Here's a quick crossword that's approved by Bill Gates.
Remove Ads.
Support Sporcle.
Get the best of Sporcle when you Go Orange. This ad-free experience offers more features, more stats, and more fun while also helping to support Sporcle. Thank you for becoming a member.

Show Comments

Extras

Top Quizzes Today


Score Distribution

Your Account Isn't Verified!

In order to create a playlist on Sporcle, you need to verify the email address you used during registration. Go to your Sporcle Settings to finish the process.

Report this User

Report this user for behavior that violates our Community Guidelines.

Details: